TeacherWorks : Economics principles & practices

Saved in:
Bibliographic Details
Format: Book
Language:Undetermined
Published: New York McGraw-Hill 2005
Subjects:
Tags: Add Tag
No Tags, Be the first to tag this record!
Institutions: Trung tâm Học liệu Trường Đại học Cần Thơ
LEADER 00455nam a2200181Ia 4500
001 CTU_103719
008 210402s9999 xx 000 0 und d
020 |c 598.18 
082 |a 330 
082 |b T253 
245 0 |a TeacherWorks : 
245 0 |b Economics principles & practices 
260 |a New York 
260 |b McGraw-Hill 
260 |c 2005 
650 |a Economics 
904 |i Tuyến 
980 |a Trung tâm Học liệu Trường Đại học Cần Thơ